000 00446nam a2200133Ia 4500
005 20260209120134.0
008 260209s9999||||xx |||||||||||||| ||und||
100 _aHeena Kauser
245 0 _aRole of court in corporate mergers
260 _aBangaloreBangalore
_bNLSIU
_c2014
300 _a83 p. ; 25 cm.
700 _aProf. M P Padmanabha Pillai - GuideProf. M P Padmanabha Pillai - Guide
856 _uhttps://dans.nls.ac.in/handle/123456789/1737
999 _c217156
_d217156